| 000 | 00710nam a2200229 a 4500 | ||
|---|---|---|---|
| 005 | 20160123102313.0 | ||
| 008 | 140312t1993 ne fr|||| 00| 0 eng d | ||
| 040 |
_aCO-BoIAVH _cCO-BoIAVH |
||
| 041 | 0 | _aeng | |
| 082 | 0 | 4 |
_a343.0853 _bK92t |
| 100 | 1 | _aKreveld, Anold van | |
| 245 | 1 | 0 |
_aTraffic Europe : _bCITES, Aruba and the Netherlands Antilles / _cWWF |
| 260 |
_aAruba : _bWWF, _c1993. |
||
| 300 |
_a25 páginas ; _c30 x 21 cm. |
||
| 650 | 6 | _aComercio de especies | |
| 650 | 6 | _aPaíses Bajos | |
| 650 | 6 | _aPolíticas de comercio | |
| 650 | 6 | _aComercio ilegal de especies | |
| 700 | 1 | _aJaeger, Ludwijn | |
| 700 | 1 | _aBoer, bart de | |
| 942 |
_cLIBRO _2ddc |
||
| 999 |
_c3638 _d3638 |
||